| 000 | 00545nam a2200193Ia 4500 | ||
|---|---|---|---|
| 001 | 29904 | ||
| 003 | IN-NITTTR | ||
| 005 | 20251114233406.0 | ||
| 008 | 251113s9999||||xx |||||||||||||| ||eng|| | ||
| 040 | _beng | ||
| 040 | _cIN-NITTTR | ||
| 041 | _aeng | ||
| 082 | _a697 M1H | ||
| 100 | _aMcQuiston, Faye C. | ||
| 245 | 0 |
_aHeating, ventilating and air conditioning : _b analysis and design / _cMcQuiston, Faye C., Parker, Jerald D., Spitler, Jeffrey D. |
|
| 700 | _a Parker, Jerald D. | ||
| 700 | _a Spitler, Jeffrey D. | ||
| 942 |
_2ddc _cBK |
||
| 999 |
_c32532 _d32532 |
||